000 00721nam a2200241 i 4500
001 19466
003 ES-MaACL
005 20251130063151.0
007 t|
008 020902s2001 sp ||||1| spa d
020 _a84-397-0827-0
080 _a821.111(73)-31"19"
100 0 _aVidal, Gore,
_d1925-2012
_9114430
245 1 3 _aLa edad de oro /
_cGore Vidal ; traducción de Aurora Echevarría.
250 _a1ª ed.
260 _aBarcelona :
_bMondadori,
_c2002.
300 _a477 p. ;
_c23 cm.
490 1 _aLiteratura Mondadori ;
_v176
700 1 _aEchevarría, Aurora.
_946540
830 0 _aLiteratura Mondadori ;
_v176
_9178630
852 _aES-MaACL
_jL-25900
_bR.131659
999 _c19466
_d19466